Comment s'appelle cet ange de fiction? - Statistiques

Statistiques générales
  • Ce quiz a été pris 16 fois
  • Le résultat moyen est 3 sur 13
Statistiques - réponses
Par images Réponse % Correct
Joséphine
94%
Lucifer
88%
Pit
63%
Ange
44%
Castiel
25%
Seth
6%
Adam
0%
Ash
0%
Ithuriel
0%
Jubileus
0%
Nassé
0%
Tôma
0%
Vaggie
0%
Aucun quiz correspondant
Distribution des résultats
% des personnes avec chaque résultat
Percentile par nombre de réponses
Votre historique - résultats
Vous n’avez pas pris ce quiz